Green growth indicators 2014

Enregistré dans:
Détails bibliographiques
Format: Livre
Langue:anglais
Publié: Paris OECD 2014
Collection:OECD green growth studies
Sujets:
Tags: Ajouter un tag
Pas de tags, Soyez le premier à ajouter un tag!

MARC

LEADER 00000nam a2200000 4500
001 0198125
005 20240315120711.3
020 |a 978-92-64-20202-3 
041 0 |a eng 
044 |a FR 
245 1 0 |a Green growth indicators 2014 
264 1 |a Paris  |b OECD  |c 2014 
300 |a 141 s. 
490 1 |a OECD green growth studies 
830 0 |a OECD green growth studies 
610 2 0 |a prostredie životné 
610 2 0 |a príroda 
610 2 0 |a zdroje prírodné 
610 2 0 |a ekológia 
610 2 0 |a politika environmentálna 
610 2 0 |a ukazovatele ekonomické 
610 2 0 |a ukazovatele sociálne 
610 2 0 |a monitoring 
610 2 0 |a kvalita života 
610 2 0 |a spolupráca medzinárodná 
610 2 0 |a 2014